| 000 | 00621nam a2200241Ia 4500 | ||
|---|---|---|---|
| 001 | 52831 | ||
| 005 | 20240114005321.0 | ||
| 007 | ta | ||
| 008 | 101111s1997 g b000 u 903 u | ||
| 040 | _aCotton College Assam | ||
| 041 | _a903 | ||
| 082 |
_a100 _bNo 75 Re |
||
| 100 | _aNorris, Christopher . | ||
| 245 | 0 |
_aResources of Realism / _cChristopher Norris. _hTextual Documents |
|
| 250 | _aist / | ||
| 260 |
_aUK : _bMacmillian , _c1997. |
||
| 300 |
_a247pg ; _c23cm. |
||
| 653 | _aResources of Realism | ||
| 653 | _aG-Philosophy | ||
| 942 |
_2ddc _cBK |
||
| 999 |
_c52794 _d52794 |
||